header

A small foreign exchange market with a long-term peg (Record no. 102773)

MARC details
000 -LEADER
fixed length control field 01359nam a2200325Ia 4500
100 1# - MAIN ENTRY--AUTHOR NAME
Personal name Worrell, DeLisle.
245 12 - TITLE STATEMENT
Title A small foreign exchange market with a long-term peg
260 ## - PUBLICATION, DISTRIBUTION, ETC. (IMPRINT)
Place of publication [Washington, D.C.] :
Name of publisher International Monetary Fund, IMF Institute,
Year of publication 2006.
300 ## - PHYSICAL DESCRIPTION
Number of Pages 18 p.
490 1# - SERIES STATEMENT
Series statement IMF working paper ;
500 ## - GENERAL NOTE
General note "October 2006."
650 #0 - SUBJECT ADDED ENTRY--TOPICAL TERM
Topical Term Foreign exchange market
Topical Term Foreign exchange rates
700 1# - ADDED ENTRY--PERSONAL NAME
Personal name Craigwell, Roland.
Personal name Mitchell, Travis.
856 40 - ELECTRONIC LOCATION AND ACCESS
Uniform Resource Identifier http://site.ebrary.com/lib/rucke/Doc?id=10380774

No items available.

© 2026 Rongo University
Contact us: librarian | system librarian | Rongo university